000 00285nam a2200121Ia 4500
008 190216s9999||||xx |||||||||||||| ||und||
100 _aDate C J
245 0 _aIntroduction To Database Systems
260 _bNarosa Pubs House
_c1981
300 _a580p
650 _aComputer
942 _cBK
999 _c8466
_d8466